|
|
|
|
| LEADER |
00000naa2a2200000 4500 |
| 001 |
384509 |
| 005 |
20231101063244.0 |
| 035 |
|
|
|a (RuTPU)RU\TPU\prd\11256
|
| 090 |
|
|
|a 384509
|
| 100 |
|
|
|a 20030304a2003 k y0rusy50 ca
|
| 101 |
0 |
|
|a rus
|
| 102 |
|
|
|a RU
|
| 200 |
1 |
|
|a Исследование эффективности действия водорастворимых присадок поверхностно-активных веществ (ПАВ) при абразивной обработке стекла
|f В. Н. Латышев, А. Е. Курочкин, В. В. Новиков, С. Е. Невская
|
| 225 |
1 |
|
|a Современные технологии
|
| 320 |
|
|
|a Библиогр.: 8 назв.
|
| 461 |
|
1 |
|0 (RuTPU)RU\TPU\prd\1723
|x 0203-347X
|t Справочник. Инженерный журнал
|o научно-технический и производственный журнал
|d 2000-
|
| 463 |
|
1 |
|0 (RuTPU)RU\TPU\prd\11121
|t № 1
|v С. 22-26
|d 2003
|
| 610 |
1 |
|
|a водорастворимые присадки
|
| 610 |
1 |
|
|a поверхностно-активные вещества
|
| 610 |
1 |
|
|a стекло
|
| 610 |
1 |
|
|a абразивная обработка
|
| 701 |
|
1 |
|a Латышев
|b В. Н.
|
| 701 |
|
1 |
|a Курочкин
|b А. Е.
|
| 701 |
|
1 |
|a Новиков
|b В. В.
|
| 701 |
|
1 |
|a Невская
|b С. Е.
|
| 801 |
|
1 |
|a RU
|b 63413507
|c 20030304
|g PSBO
|
| 801 |
|
2 |
|a RU
|b 63413507
|c 20140115
|g RCR
|
| 942 |
|
|
|c BK
|